Introducción a la electroquímica

Bibliographic Details
Main Author: Posadas, Dionisio
Format: Section = Libro
Language:Undetermined
Spanish
Published: Washington OEA 1980
Subjects:
LEADER 00452nam a2200181Ia 4500
008 240830s9999 xx 000 0 und d
020 |a 0-8270-1220 
040 |a CEDOC FIQ-RUSB / 541.37 P855 
041 |a spa 
082 |a 541.37 P855 
100 1 |a Posadas, Dionisio 
245 1 0 |a Introducción a la electroquímica 
260 |a Washington  |b OEA  |c 1980 
300 |a 136 p. : il 
650 7 |a ELECTROQUIMICA 
942 |c BK  |2 ddc 
991 |a TEXTO 
999 |c 13286